00568nam a2200181Ia 4500003000900000008004100009020002200050040001600072080001800088100002300106245011600129260002800245300001400273650002900287650001900316650002500335650002600360IN-BaIIA211028s9999 xx 000 0 eng d a978-0-7864-3178-6 cIIA Library a52:737.1bFAI aFaintich, Marshall 0aAstronomical symbols on ancient and medieval coinscMarshall Faintich  aLondonbMcFarlandc2008 avi, 225p. aAstronomy in numismatics aCoins, ancient aNumismatics, ancient aNumismatics, medieval